000 00430nam a22001817a 4500
003 MPLRDC
005 20220104124601.0
008 210129b ||||| |||| 00| 0 eng d
082 _a309.2 WXZ
100 _a王欣之著
245 _a明代大科学家徐光启
_c
250 _a一版一刷
260 _a
_b上海人民出版社
_c1985
300 _b
490 _a祖国丛书
650 _a
942 _cBK
_o309.2 WXZ
999 _c20505
_d20495